000 00897cam a2200265 i 4500
999 _c14004
_d14004
020 _a9781338359282
020 _a9781368012355
082 _aFic C4529 2018
100 1 _aChokshi, Roshani.
245 1 0 _aAru Shah and the end of time /
_cby Roshani Chokshi.
250 _aFirst edition.
260 _aNew York :
_bScholastic Inc.,
_cc2018.
300 _a355 pages ;
_c22 cm.
337 _aunmediated
_bn
520 _aTwelve-year-old Aru stretches the truth to fit in at her private school, but when she is dared to prove an ancient lamp is cursed, she inadvertently frees an ancient demon.
526 _aFICTION
650 1 _aSupernatural--Fiction.
650 1 _aDemonology--Fiction.
650 1 _aBlessing and cursing--Fiction.
650 1 _aIndic mythology--Fiction.
650 1 _aAntiquities--Fiction.
650 1 _aMuseums.
650 1 _aHonesty--Fiction.
942 _2ddc
_cBK